La Nit / Textos i il·lustracions, Comediants ; direcció gràfica, Salvador Saura i Ramon Torrente
Descripción Física:
diverses pg. difícils de quantificar i de diferents tipus de paper : principalment il., col. ; 29'5 x 35 cm
Materias:
Comediants (Grup teatral)
MARC
| LEADER | 00000nam a2200000Ia 4500 | ||
|---|---|---|---|
| 001 | 12144 | ||
| 008 | 160829s1987 xx 000 0 cat d | ||
| 080 | |a FOL-1-138 | ||
| 100 | |a Comediants (Grup teatral) |9 35050 | ||
| 245 | |a La Nit / Textos i il·lustracions, Comediants ; direcció gràfica, Salvador Saura i Ramon Torrente | ||
| 260 | |a Barcelona : |b Ed. de l'Eixample : |b Institut del Teatre. Diputació de Barcelona, |c 1987 | ||
| 300 | |a diverses pg. difícils de quantificar i de diferents tipus de paper : |b principalment il., col. ; |c 29'5 x 35 cm | ||
| 650 | |a Comediants (Grup teatral) |9 35050 | ||
| 700 | |a Saura, Salvador |9 19694 | ||
| 700 | |a Torrente, Ramon |9 35051 | ||
| 710 | 1 | |a Institut del Teatre (Barcelona, Catalunya) |9 52662 | |
| 901 | |a Arxiu | ||
| 942 | |n 1 | ||
| 952 | |0 0 |1 0 |4 0 |6 FOL1138 |7 1 |9 46748 |a Arxiu |b Arxiu |d 2016-12-01 |l 0 |o FOL-1-138 |p 12144 |r 2016-12-01 00:00:00 |w 2016-12-01 |y ARXIU | ||
| 999 | |c 50541 |d 50541 | ||